OSMANLI GÜNLÜKLERİ:KURULUŞ SULTANLARI (Record no. 854686)

MARC details
000 -LEADER
sabit uzunluktaki kontrol alanı 00276nam a2200097Ia 4500
001 - KONTROL NUMARASI
kontrol alanı 854686
005 - EN SON İŞLEMİN TARİH VE ZAMANI
kontrol alanı 20250826174556.0
008 - SABİT-UZUNLUKTA VERİ ÖĞELERİ--GENEL BİLGİ
sabit uzunluktaki kontrol alanı 250824s9999 xx 000 0 und d
245 #0 - ESER / YAZAR
ESER ADI OSMANLI GÜNLÜKLERİ:KURULUŞ SULTANLARI
Yazar Adı SEVİNÇ KUŞOĞLU
260 ## - YAYIN, DAĞITIM, VB.
YAYIN EVİ GENÇ TİMAŞ YAYINLARI
Holdings
Düşüm durumu Kayıp durumu Hasar Durumu Ödünç verilmez Ana kütüphane Geçerli Kütüphane Edinilen tarih Toplam ödünç verme sayısı Barkod Son görüntüleme tarihi Fiyatın geçerli olmaya başladığı tarih Koha materyal türü
        BAŞARAKAVAK İLK VE ORTAOKULU BAŞARAKAVAK İLK VE ORTAOKULU 24.08.2025   10601276 26.08.2025 26.08.2025 Books